000 00964nam1a2200265 4500
001 RU\NLR\BIBL_A\012524080
005 20250807185119.0
035 _a(NLR Aleph) 012524080
090 _a84555
_c84555
100 _a20250807 rusy50
101 0 _aaze
_cper
102 _aAZ
105 _aa z 000 y
200 1 _aИсҝәндәрнамә
_fНизами Ҝәнҹәви
_gССРИ ЕА. Азәрб.фил.,Низами ад Әдәбиjjат вә Дил ин-ту
210 _aБакы
_cАзәрнәшр
_d1941
215 _d25
541 1 _6z01790
_aИскендернаме
_zrus
689 1 _aШ6(2=Аз)4-5
700 1 _aНизами Ҝәнҹәви
_fок.1141-ок.1209
_4070
790 1 _6z01541
_aНизами Гянджеви
_fок.1141-ок.1209
_3RU\NLR\AUTH\7711589
_4070
852 _aNLR
_bОНЛ
_jАзерб./4-291
942 _cBOOK
945 _aРоссийская национальная библиотека
980 _aBV